Türk kimliği (Record no. 2705)

MARC details
000 -BAŞLIK
Sabit Uzunlukta Kontrol Alanı 00921na a2200313 4500
001 - KONTROL NUMARASI
Denetim Alanı 13365
003 - KONTROL NUMARASI IDENTIFIER
Denetim Alanı MIRAKIL
005 - SON İŞLEM TARİHİ VE ZAMANI
Denetim Alanı 20181213154907.0
008 - SABİT-BOY VERİ ELEMANLARI - GENEL BİLGİLER
Sabit Uzunlukta Kontrol Alanı 161005b tu 000 0
020 ## - ULUSLARARASI STANDART KİTAP NUMARASI
Uluslararası Standart Kitap Numarası 9751713110
035 ## - SİSTEM KONTROL NUMARASI
Sistem Kontrol Numarası 13365
040 ## - KATALOGLAMA KAYNAK
Orijinal Kataloglama Ajansı Milas
Kataloglama Dili tur
Metne Dönüştürmek Ajansı TR-AnCHP
082 ## - DEWEY ONLU SINIFLANDIRMA NUMARASI
Sınıflandırma Numarası 306.089943
Ürün Numarası G98t 1993
090 ## - SINIFLAMA NUMARASI
Sınıflama Numarası 306.089943 G98t 1993
100 ## - ANA GİRİŞ - KİŞİSEL İSİM
Kişisel Ad Güvenç, Bozkurt
245 ## - BAŞLIK TABLOSU
Başlık Türk kimliği
Başlığın Kalan kültür tarihinin kaynakları
Sorumluluk Tablosu, Vb Bozkurt Güvenç
246 ## - UNVAN FORM VARYING
Başlık Doğru / Kısa Başlığı Kültür tarihinin kaynakları
260 ## - YAYIN, DAĞITIM, VB
Yayın, Dağıtım, Vb Yeri Ankara
Yayıncı, Dağıtıcı, Vs Adı Kültür Bakanlığı
Yayın, Dağıtım, Vb Tarihi 1993
300 ## - FİZİKSEL TANIM
Kapsam xi, 448 s.
Diğer Fiziksel Ayrıntıları res. , hrt.
Boyutlar 24 sm.
490 ## - SERİSİ TABLOSU
Seri Beyanı İnsanlık Tarihi dizisi
Hacim / Ardışık Tanımı 2
490 ## - SERİSİ TABLOSU
Seri Beyanı Kültür Bakanlığı yayınları
Hacim / Ardışık Tanımı 1549
504 ## - KAYNAKÇA VB NOT
Kaynakça Vb Notu Kaynakça var.
650 ## - KONU KATMA GİRİŞ - TOPİKAL DÖNEM
Topikal Süreli Veya Coğrafi Ad Giriş Elemanı Türkler
Genel Alt Bölümü Tarih
651 ## - KONU KATMA GİRİŞ - COĞRAFİ ADI
Coğrafi İsim Türkiye
Genel Alt Bölümü Kültür
651 ## - KONU KATMA GİRİŞ - COĞRAFİ ADI
Coğrafi İsim Türkiye
Genel Alt Bölümü Uygarlık
651 ## - KONU KATMA GİRİŞ - COĞRAFİ ADI
Coğrafi İsim Türkiye
Genel Alt Bölümü Tarih
942 ## - EKLENDİ GİRİŞ ELEMANLARI (KOHA)
Sınıflandırma Veya Raf Düzeni Kaynak Dewey Decimal Classification
Koha Öğesi Türü Books
999 ## - SİSTEM KONTROL NUMARALARI (KOHA)
Koha Biblionumber 2705
Koha Biblioitemnumber 2705
657 ## - INDEX SÜRE - İŞLEVİ
-- Türk kültürü
Holdings
Kalıcı Konum Mevcut Konum Edinme Tarihi Edinim Kaynak Toplam Check-Out'Lar Tam Çağrı Numarası Barkod Tarih Son Görülme İtibaren Geçerli Fiyatlar Koha Öğesi Türü
CHP Kütüphanesi CHP Kütüphanesi 08/13/2016 Bağış   306.089943 G98t 1993 000758 08/13/2016 08/13/2016 Books